Normal view MARC view

Entry Topical Term

Number of records used in: 1

001 - CONTROL NUMBER

  • control field: 3750

003 - CONTROL NUMBER IDENTIFIER

  • control field: OSt

005 - DATE AND TIME OF LATEST TRANSACTION

  • control field: 20260306122924.0

008 - FIXED-LENGTH DATA ELEMENTS

  • fixed length control field: 260306|| aca||aabn | a|a d

040 ## - CATALOGING SOURCE

  • Original cataloging agency: OSt
  • Transcribing agency: OSt

150 ## - HEADING--TOPICAL TERM

  • Topical term or geographic name entry element: Stress management

670 ## - SOURCE DATA FOUND

  • Source citation: Work cat.: (OSt)1899: Carlson, Richard author 3748, Chhoti‑Chhoti Baton Ka Tension Na Le : , 2024